000 01690nam0a2200313 4500
001 RU\NLR\BIBL_A\010013373
005 20260405214112.0
010 _a5-7399-0197-9
_9500
021 _aRU
_b2013-91199
_96311
035 _a(NLR Aleph) 010013373
090 _a9864891
_c9864891
100 _a20131211d2013 |||y0rusy50 ca
101 0 _arus
102 _aRU
105 _ay |||||||||
200 1 _aРоль правосознания и правовой культуры в преодолении правового нигилизма в современном российском обществе (вопросы теории и практики)
_eмонография
_fЗ.Н. Каландаришвили, Е.А. Зорина
210 _aСанкт-Петербург
_cЭлмор
_d2013
215 _a142, [1] с.
_d20
300 _aНа обороте тит. л. авт.: к.ю.н., к.п.н, доц. З.Н. Каландаришвили и к.ю.н. Е.А. Зориной
320 _aБиблиогр. в конце кн. и в подстроч. примеч.
606 1 _aПравосознание
_xВоспитание
_yРоссийская Федерация
_92097907
_3RU\NLR\AUTH\661269161
606 1 _aПравовая культура
_yРоссийская Федерация
_92116179
_3RU\NLR\AUTH\661278402
686 1 _aХ062.003
700 1 _7ca
_8rus
_aКаландаришвили
_bЗ. Н.
_cканд. юрид. наук, канд. пед. наук
_gЗураб Нодарович
_980005
_3RU\NLR\AUTH\7797079
701 1 _aЗорина
_bЕ.А.
_gЕлена Андреевна
942 _cBOOK
980 _aNBR
980 _aNB